=LDR 00000nam 2200000 4500 =001 INLIS000000000011900 =005 20130612103441 =008 ***********************************Ind** =035 ##$$0010-061300000011900 =041 ##$$a Ind =082 ##$$a 338 =090 ##$$a 338, Nit c =100 ##$$a Niti Semito,Alix s =245 ##$$a cara memasarkan produksi baru; oleh Alex s. Niti semito =250 ##$$a Seri perusahaan Praktis =260 ##$$a 1982 $b Jakarta =300 ##$$a 34 hlm, 21cm =650 ##$$a Perdagangan =850 ##$$a NBPNMAT